[Event "Bucaramanga Feria op 2nd"]
[Site "Bucaramanga"]
[Date "2013.09.20"]
[Round "1"]
[White "Quintero Rangel, Edwin"]
[Black "Poveda Cardenas, Denis"]
[Result "1-0"]
[WhiteElo "1854"]
[BlackElo "1542"]
[PlyCount "29"]
[EventDate "2013.09.20"]
[EventType "swiss"]
[EventRounds "7"]
[EventCountry "COL"]
[SourceTitle "CBM 156 Extra"]
[Source "ChessBase"]
[SourceDate "2013.10.22"]
[SourceVersion "1"]
[SourceVersionDate "2013.10.22"]
[SourceQuality "1"]

1. d4 Nc6 2. d5 Ne5 3. f4 Nc4 4. e4 e5 5. Bxc4 Bc5 6. Nf3 d6 7. Qe2 Nf6 8. h3 0-0 9. Be3 Bd7 10. Bxc5 dxc5 11. Nxe5 Bg4 12. hxg4 Qe7 13. g5 Nd7 14. Qh5 g6 15. Qxh7# 1-0